Teladan bagi orang yang berakal: (Record no. 332)

000 -LEADER
fixed length control field nam a22 a 4500
005 - DATE AND TIME OF LATEST TRANSACTION
control field 20170503114956.0
008 - FIXED-LENGTH DATA ELEMENTS--GENERAL INFORMATION
fixed length control field 170503t2014 my ||||| |||| 00| 0 may d
020 ## - INTERNATIONAL STANDARD BOOK NUMBER
International Standard Book Number 9789671248409
Terms of availability RM 299.00
040 ## - CATALOGING SOURCE
Original cataloging agency AKMAL
082 ## - DEWEY DECIMAL CLASSIFICATION NUMBER
Classification number 297.1222 ALO
090 ## - LOCALLY ASSIGNED LC-TYPE CALL NUMBER (OCLC); LOCAL CALL NUMBER (RLIN)
Classification number (OCLC) (R) ; Classification number, CALL (RLIN) (NR) 297.1222
Local cutter number (OCLC) ; Book number/undivided call number, CALL (RLIN) ALO
100 0# - MAIN ENTRY--PERSONAL NAME
Personal name Al-Imam Al-Hafiz Ismail bin Kathir Al-Qursyi Al-Dimasyqi
9 (RLIN) 755
245 1# - TITLE STATEMENT
Title Teladan bagi orang yang berakal:
Remainder of title kisah-kisah dalam Al-Quran /
Statement of responsibility, etc. Al-Imam Al-Hafiz Ismail bin Kathir Al-Qursyi Al-Dimasyqi
260 ## - PUBLICATION, DISTRIBUTION, ETC.
Place of publication, distribution, etc. Kuala Lumpur
Name of publisher, distributor, etc. Haq Global Resources
Date of publication, distribution, etc. 2014
300 ## - PHYSICAL DESCRIPTION
Extent xv, 821ms.
Other physical details ill.
Dimensions 30cm
500 ## - GENERAL NOTE
General note Judul asal - Qasas Al-Quran,
650 #0 - SUBJECT ADDED ENTRY--TOPICAL TERM
Topical term or geographic name entry element Islam
General subdivision History
9 (RLIN) 756
650 #0 - SUBJECT ADDED ENTRY--TOPICAL TERM
Topical term or geographic name entry element Prophets in the Qur'an
9 (RLIN) 757
942 ## - ADDED ENTRY ELEMENTS (KOHA)
Source of classification or shelving scheme
Koha item type Book
950 ## - LOCAL HOLDINGS (RLIN)
Permanent shelving location, LOC (RLIN) AKMAL
Holdings
Withdrawn status Lost status Source of classification or shelving scheme Damaged status Not for loan Collection code Home library Current library Shelving location Date acquired Inventory number Total Checkouts Full call number Barcode Date last seen Price effective from Koha item type Date last checked out
          NON-FICTION AKMAL Melaka AKMAL Melaka PINJAMAN 03.05.2017 200986   297.1222 ALO 201701215 03.05.2017 03.05.2017 Book  
          NON-FICTION AKMAL Melaka AKMAL Melaka PINJAMAN 03.05.2017 200987 3 297.1222 ALO 201701226 17.10.2025 03.05.2017 Book 19.09.2025
Pusat Sumber Maklumat Dato' Haji Sarmin Md Hussin, Akademi Kastam Diraja Malaysia, Melaka
Tel: 06-2331106 | Faks: 06-2313787